Dil Chahta Hai (Record no. 20649)
[ view plain ]
| 000 -LEADER | |
|---|---|
| fixed length control field | 01335ngm a2200349 4500 |
| 003 - CONTROL NUMBER IDENTIFIER | |
| control field | dpl |
| 005 - DATE AND TIME OF LATEST TRANSACTION | |
| control field | 20090106144450.0 |
| 007 - PHYSICAL DESCRIPTION FIXED FIELD--GENERAL INFORMATION | |
| fixed length control field | DVD |
| 008 - FIXED-LENGTH DATA ELEMENTS--GENERAL INFORMATION | |
| fixed length control field | ||||||sp199 xxu|||||c ||| 00| 0 ng d |
| 010 ## - LIBRARY OF CONGRESS CONTROL NUMBER | |
| LC control number | DVD-001916-1917 |
| 024 ## - OTHER STANDARD IDENTIFIER | |
| Standard number or code | CDVFF-712 |
| Terms of availability | 38.00 |
| 035 ## - SYSTEM CONTROL NUMBER | |
| System control number | DVD-001916-1917 |
| 040 ## - CATALOGING SOURCE | |
| Original cataloging agency | DPL |
| Transcribing agency | DPL |
| 082 ## - DEWEY DECIMAL CLASSIFICATION NUMBER | |
| Classification number | DVD / DILC |
| 245 ## - TITLE STATEMENT | |
| Title | Dil Chahta Hai |
| Statement of responsibility, etc | Excell Entertainment Production Presents |
| Medium | [videorecording] DVD/ |
| 260 ## - PUBLICATION, DISTRIBUTION, ETC. (IMPRINT) | |
| Name of publisher, distributor, etc | Super Cassette Industries |
| 300 ## - PHYSICAL DESCRIPTION | |
| Extent | 2 videodisc VCD; |
| Other physical details | sd., col. ; |
| Dimensions | 4 3/4 in. |
| Type of unit | VCD |
| 440 ## - SERIES STATEMENT/ADDED ENTRY--TITLE | |
| Title | T Series Home Entertainment |
| 538 ## - SYSTEM DETAILS NOTE | |
| System details note | Dolby Digital 5.1 - Hindi Subtitles: English |
| 650 ## - SUBJECT ADDED ENTRY--TOPICAL TERM | |
| Topical term or geographic name as entry element | Motion Picture |
| 700 ## - ADDED ENTRY--PERSONAL NAME | |
| Personal name | Javaed Akhtar |
| 700 ## - ADDED ENTRY--PERSONAL NAME | |
| Personal name | Shankar-Ehsaan-Loy |
| 700 ## - ADDED ENTRY--PERSONAL NAME | |
| Personal name | Farhan Akhtar |
| 700 ## - ADDED ENTRY--PERSONAL NAME | |
| Personal name | Aamir Khan |
| 700 ## - ADDED ENTRY--PERSONAL NAME | |
| Personal name | Khanna, Akshay |
| 700 ## - ADDED ENTRY--PERSONAL NAME | |
| Personal name | Saif Ali Khan |
| 700 ## - ADDED ENTRY--PERSONAL NAME | |
| Personal name | Zinta, Preity |
| 942 ## - ADDED ENTRY ELEMENTS (KOHA) | |
| Koha item type | CD-ROMs, DVDs, VHS |
| Source of classification or shelving scheme | Dewey Decimal Classification |
| Classification part | DVD |
| Call number suffix | DILC |
| Withdrawn status | Lost status | Source of classification or shelving scheme | Damaged status | Not for loan | Home library | Current library | Date acquired | Source of acquisition | Cost, normal purchase price | Total Checkouts | Full call number | Barcode | Date last seen | Date checked out | Copy number | Cost, replacement price | Price effective from | Koha item type | Total Renewals |
|---|---|---|---|---|---|---|---|---|---|---|---|---|---|---|---|---|---|---|---|
| Dewey Decimal Classification | Central Library | Central Library | 06/01/2009 | Purchase | 38.00 | 24 | DVD DILC | DVD-001916 | 10/12/2016 | 03/12/2016 | 1 | 38.00 | 06/01/2009 | CD-ROMs, DVDs, VHS | |||||
| Dewey Decimal Classification | Sarojini Nagar | Sarojini Nagar | 06/01/2009 | Purchase | 38.00 | 17 | DVD DILC | DVD-001917 | 15/04/2017 | 01/04/2017 | 1 | 38.00 | 06/01/2009 | CD-ROMs, DVDs, VHS | 2 |
